Los galeones de la plata / (Record no. 22275)

MARC details
000 -CABECERA
campo de control de longitud fija 00913nam a22002657a 4500
003 - IDENTIFICADOR DEL NÚMERO DE CONTROL
campo de control OSt
005 - FECHA Y HORA DE LA ÚLTIMA TRANSACCIÓN
campo de control 20260601193902.0
008 - DATOS DE LONGITUD FIJA--INFORMACIÓN GENERAL
campo de control de longitud fija 260508b mx a|||| |||| 00| 0 eng d
040 ## - FUENTE DE LA CATALOGACIÓN
Centro catalogador/agencia de origen ICI
Lengua de catalogación spa
Centro/agencia transcriptor ICI
041 ## - CÓDIGO DE LENGUA
Código de lengua del texto/banda sonora o título independiente spa
050 ## - SIGNATURA TOPOGRÁFICA DE LA BIBLIOTECA DEL CONGRESO
Número de clasificación PQ6437.B3
Número de documento/Ítem G35 1604
100 #1 - ENTRADA PRINCIPAL--NOMBRE DE PERSONA
Nombre de persona Balbuena, Bernardo de,
Fechas asociadas al nombre 1562-1627,
Término indicativo de función/relación autor.
9 (RLIN) 34031
245 #1 - MENCIÓN DE TÍTULO
Título Los galeones de la plata /
Mención de responsabilidad, etc. Bernardo de Balbuena.
300 ## - DESCRIPCIÓN FÍSICA
Extensión 50 Páginas :
490 #0 - MENCIÓN DE SERIE
Mención de serie Literatura colonial hispanoamericana
500 ## - NOTA GENERAL
Nota general Obra atribuida a Bernardo de Balbuena.
650 ## - PUNTO DE ACCESO ADICIONAL DE MATERIA--TÉRMINO DE MATERIA
Término de materia o nombre geográfico como elemento de entrada Literatura barroca española.
9 (RLIN) 34032
650 ## - PUNTO DE ACCESO ADICIONAL DE MATERIA--TÉRMINO DE MATERIA
Término de materia o nombre geográfico como elemento de entrada Poesía española
Subdivisión cronológica Siglo XVII.
9 (RLIN) 34033
650 ## - PUNTO DE ACCESO ADICIONAL DE MATERIA--TÉRMINO DE MATERIA
Término de materia o nombre geográfico como elemento de entrada Galeones
Subdivisión general Historia.
9 (RLIN) 11159
650 ## - PUNTO DE ACCESO ADICIONAL DE MATERIA--TÉRMINO DE MATERIA
Término de materia o nombre geográfico como elemento de entrada Plata
Subdivisión general Comercio
-- Historia.
9 (RLIN) 34034
650 ## - PUNTO DE ACCESO ADICIONAL DE MATERIA--TÉRMINO DE MATERIA
Término de materia o nombre geográfico como elemento de entrada Nueva España
Subdivisión general Historia colonial.
9 (RLIN) 34035
651 ## - PUNTO DE ACCESO ADICIONAL DE MATERIA--NOMBRE GEOGRÁFICO
Nombre geográfico España
Subdivisión general Comercio colonial.
9 (RLIN) 34036
651 ## - PUNTO DE ACCESO ADICIONAL DE MATERIA--NOMBRE GEOGRÁFICO
Nombre geográfico México
Subdivisión general Historia
Subdivisión cronológica Época colonial, 1540-1810.
9 (RLIN) 34037
942 ## - ELEMENTOS DE PUNTO DE ACCESO ADICIONAL (KOHA)
Fuente del sistema de clasificación o colocación Library of Congress Classification
Tipo de ítem Koha Libros
Suprimir en OPAC 1
Holdings
Estado de retiro Estado de pérdida Fuente del sistema de clasificación o colocación Estado dañado No para préstamo Localización permanente Ubicación/localización actual Fecha de adquisición Total de préstamos Signatura topográfica completa Código de barras Fecha visto por última vez Número de copia Precio válido a partir de Tipo de ítem Koha
El ejemplar forma parte de la colección y puede ser consultado según las políticas vigentes.   Library of Congress Classification     Biblioteca de Diseño Museo Franz Mayer Biblioteca de Diseño Museo Franz Mayer 08/05/2026   PQ6437.B3 G35 1604 BDIMFM000529 08/05/2026 Ej. 1 08/05/2026 Libros